Statistics for Assassins

Click here to take the quiz!

General Stats

  • This quiz has been taken 845 times
  • The average score is 8 of 12

Answer Stats

HintAnswer% Correct
John Wilkes BoothAbraham Lincoln
97%
Lee Harvey OswaldJohn F. Kennedy
97%
Sirhan SirhanRobert Kennedy
91%
James Earl RayMartin Luther King Jr
74%
Jack RubyLee Harvey Oswald
71%
Mark David ChapmanJohn Lennon
70%
Gavrilo PrincipFranz Ferdinand
65%
Nathuram GodseMohandas Gandhi
58%
Satwant Singh and Beant SinghIndira Gandhi
46%
Leon CzolgoszWilliam McKinley
45%
Charles J. GuiteauJames A. Garfield
43%
Thomas HaganMalcolm X
17%

Score Distribution

Percentile by Number Answered

Percent of People with Each Score

Your Score History

You have not taken this quiz